00594 2200193 4500001002100000005001500021035002000036007000300056008003900059082000700098084001300105100001000118245016400128250001000292260004600302300002500348600001200373990001500385INLIS00000000000992320260430091235 a0010-0426000359ta260430 | | |  a42 a42 FIT u0 aFITRI1 aUPAYA GURU PENDIDIKAN AGAMA ISLAM (PAI) DALAM MENGATASI TANTANGAN PEMBELAJARAN DI ERA DIGITAL DI SEKOLAH SMPN 4 KAPUAS HULU SATU ATAP KABUPATEN KAPUAS /cFITRI aCet 1 aPalangka Raya :bPerpustakaan UMPR,c2026 axiv, 59 hlm :bilus. 4aSKRIPSI a2442131553